सदाबहार वृध्दत्व (Record no. 472400)

MARC details
000 -LEADER
fixed length control field 00492nam a2200145Ia 4500
008 - FIXED-LENGTH DATA ELEMENTS--GENERAL INFORMATION
fixed length control field 100204s9999 xx 000 0 und d
082 ## - DEWEY DECIMAL CLASSIFICATION NUMBER
Item number 27224
100 ## - MAIN ENTRY--PERSONAL NAME
Personal name उगावकर राम
245 ## - TITLE STATEMENT
Title सदाबहार वृध्दत्व
260 ## - PUBLICATION, DISTRIBUTION, ETC. (IMPRINT)
Name of publisher, distributor, etc "विजय प्रकाशन , नागपूर"
Date of publication, distribution, etc 2005
300 ## - PHYSICAL DESCRIPTION
Extent 144
630 ## - SUBJECT ADDED ENTRY--UNIFORM TITLE
Uniform title सदाबहार वृध्दत्व
730 ## - ADDED ENTRY--UNIFORM TITLE
Uniform title सदाबहार वृध्दत्व
942 ## - ADDED ENTRY ELEMENTS (KOHA)
Koha item type Book
Holdings
Withdrawn status Lost status Damaged status Not for loan Home library Current library Date acquired Cost, normal purchase price Total Checkouts Full call number Barcode Date last seen Cost, replacement price Price effective from Koha item type
        N. C. Kelkar Sarvajanik Library, Mulund N. C. Kelkar Sarvajanik Library, Mulund 11/01/2006 130.00   27224 NCKMULUND-27224 02/04/2010 130.00 02/04/2010 Book